000 00575nam a22001937a 4500
005 20250123151502.0
010 _aENG-142628
020 _a9789380920108
_c495.00
035 _aEN-126160
037 _bDBAD
082 _a370.1
100 _aGupta, Kavita
_976908
245 _aFamous Speeches of the World/
_cby Kavita Gupta (
250 _a1
260 _aNew Delhi
_c2013
_bSunshine Books
270 _a4760-4761, 2nd Floor, 23 Ansari Road, Daryaganj
_bNew Delhi
_e110002
300 _a200p.
_c22cm, (Hb)
_eb&w photos
942 _2ddc
_cEN
_h370.1
_mGUP
999 _c208694
_d208694